000
00305nam a22001337a 4500
008
170414b xxu||||| |||| 00| 0 eng d
020
_a
0323009298
041
_a
eng
080
_2
7 ED
_a
618
100
_a
10
101
_a
SHM
245
_a
NEOTANAL PERINATAL MEDICINE
_c
FANAROFF.A.A
942
_2
udc
_c
BK
999
_c
10765
_d
10765